[Event "Ct. Girona indiv. Absolut"]
[Site "?"]
[Date "2011.11.20"]
[Round "7"]
[White "Garcia Castany Musellas, G."]
[Black "Triadu Cassa, J."]
[Result "1/2-1/2"]
[WhiteElo "2037"]
[BlackElo "2111"]
[PlyCount "138"]
[EventDate "2011.??.??"]
[EventType "swiss"]

1. e4 e5 2. Nf3 Nc6 3. Bc4 Nf6 4. Ng5 d5 5. exd5 Na5 6. Bb5+ c6 7. dxc6 bxc6 8.
Bd3 h6 9. Ne4 Nd5 10. O-O Be7 11. Re1 O-O 12. Ng3 Bd6 13. Bf5 Bb7 14. d3 c5 15.
Qh5 Nf4 16. Bxf4 exf4 17. Ne4 Nc6 18. Nxd6 Qxd6 19. Be4 f5 20. Bf3 Rab8 21. Na3
Ne5 22. Bxb7 Rxb7 23. Qe2 Re7 24. Nc4 Qc7 25. Nxe5 Rfe8 26. Qd2 Rxe5 27. Kf1 f3
28. gxf3 R5e6 29. Rxe6 Rxe6 30. Re1 Rg6 31. Re8+ Kh7 32. Qe3 Qxh2 33. Qxc5 Rg1+
34. Ke2 Qf4 35. Qe5 Qg5 36. Rf8 Rc1 37. Qc5 Rxc2+ 38. Qxc2 Qe7+ 39. Kf1 Qxf8
40. d4 Qf7 41. b3 Qd5 42. Kg2 Qxd4 43. Qxf5+ Kg8 44. Qe6+ Kf8 45. Qc8+ Ke7 46.
Qb7+ Kf6 47. Qc6+ Kf5 48. Qc2+ Kf6 49. Qe4 Qc5 50. b4 Qg5+ 51. Qg4 Qxg4+ 52.
fxg4 Ke5 53. Kf3 Kd4 54. Kf4 g6 55. b5 Kd5 56. Ke3 Kc4 57. Ke4 Kxb5 58. Ke5 Kc4
59. f4 h5 60. gxh5 gxh5 61. f5 h4 62. f6 h3 63. f7 h2 64. f8=Q h1=Q 65. Qf7+
Kb5 66. Qxa7 Qe1+ 67. Kd5 Qd2+ 68. Ke6 Qh6+ 69. Ke5 Qh2+ 1/2-1/2

[Event "Ct. Girona indiv. Absolut"]
[Site "?"]
[Date "2011.11.20"]
[Round "7"]
[White "Iglesias Santos, R."]
[Black "Pinsach Gelabert, A."]
[Result "0-1"]
[WhiteElo "1616"]
[BlackElo "1906"]
[PlyCount "54"]
[EventDate "2011.??.??"]
[EventType "swiss"]

1. d4 d5 2. c4 e6 3. Nc3 c5 4. cxd5 exd5 5. Nf3 Nc6 6. g3 Nf6 7. Bg2 Be7 8. O-O
O-O 9. dxc5 Bxc5 10. b3 Qa5 11. Bb2 Rd8 12. e3 d4 13. exd4 Nxd4 14. Nxd4 Bxd4
15. Qc1 Bg4 16. a3 Rac8 17. b4 Qe5 18. Re1 Qf5 19. Rf1 Be2 20. Bxb7 Rc7 21. Bg2
Bxf1 22. Qxf1 Bxc3 23. Bxc3 Rxc3 24. a4 Qd3 25. Qe1 Re8 26. Qd1 Qxd1+ 27. Rxd1
Rec8 0-1

[Event "Ct. Girona indiv. Absolut"]
[Site "?"]
[Date "2011.11.20"]
[Round "7"]
[White "Oliva Llorens, A."]
[Black "Huici Bentue, D."]
[Result "0-1"]
[WhiteElo "1948"]
[BlackElo "2070"]
[PlyCount "118"]
[EventDate "2011.??.??"]
[EventType "swiss"]

1. e4 d5 2. exd5 Qxd5 3. Nc3 Qd8 4. d4 Nf6 5. Be2 c6 6. Bf4 Bf5 7. Nf3 Nbd7 8.
Qd2 e6 9. h3 Bb4 10. Bd3 Qa5 11. O-O Nd5 12. a3 Bxc3 13. bxc3 Bxd3 14. cxd3
Qxc3 15. Rab1 Qxd2 16. Bxd2 Rb8 17. Rb2 Ke7 18. Rfb1 b5 19. Rc1 Rhc8 20. Rbc2
Rb6 21. Ng5 Ra6 22. Bb4+ Nxb4 23. axb4 Nf6 24. Rc5 Rb6 25. Kf1 Nd5 26. Rb1 Ra6
27. Rc2 Ra4 28. Rcb2 Rd8 29. g3 f6 30. Nf3 Rb8 31. Ke1 Rb6 32. Kd2 Rba6 33. Ne1
Ra1 34. Rxa1 Rxa1 35. Nc2 Ra4 36. f4 Kd6 37. Ke2 Nc3+ 38. Kd2 Nd5 39. Ke2 h5
40. Kf3 Nc3 41. Rb3 Nd5 42. Rb2 e5 43. dxe5+ fxe5 44. f5 Ke7 45. Ke4 Kf6 46. g4
hxg4 47. hxg4 Nc3+ 48. Kf3 Kg5 49. Ne3 Nd5 50. Ng2 Nxb4 51. Ne3 Nxd3 52. Rh2
Kf6 53. Rh5 Nf4 54. g5+ Kf7 55. g6+ Kg8 56. Rh2 Ra3 57. Rc2 Nd5 58. Rxc6 Rxe3+
59. Kf2 Kf8 0-1

[Event "Ct. Girona indiv. Absolut"]
[Site "?"]
[Date "2011.11.20"]
[Round "7"]
[White "Vidal Zamora, A."]
[Black "Lillo Castany, V."]
[Result "1-0"]
[WhiteElo "2137"]
[BlackElo "2286"]
[PlyCount "59"]
[EventDate "2011.??.??"]
[EventType "swiss"]

1. e4 c5 2. Nf3 d6 3. Bb5+ Nd7 4. d4 Ngf6 5. O-O a6 6. Bxd7+ Nxd7 7. dxc5 Nxc5
8. Nc3 e6 9. Bg5 f6 10. Be3 Be7 11. Nd4 e5 12. Nde2 O-O 13. b4 Nd7 14. Nd5 Rf7
15. Qd3 f5 16. exf5 e4 17. Qxe4 Nf6 18. Nxf6+ Bxf6 19. Rad1 Qf8 20. Qd5 Bd7 21.
Bf4 Bc6 22. Qxd6 Be7 23. Qe6 Bxb4 24. Nd4 Bd7 25. Qb3 Kh8 26. g4 Rc8 27. Rd3
Bc5 28. Nf3 Bb5 29. Ne5 Re7 30. Ng6+ 1-0

[Event "Ct. Girona indiv. Absolut"]
[Site "?"]
[Date "2011.11.20"]
[Round "7"]
[White "Vilanova Guardiola, JM."]
[Black "Caballero Maytin, J."]
[Result "1-0"]
[WhiteElo "1845"]
[BlackElo "2003"]
[PlyCount "55"]
[EventDate "2011.??.??"]
[EventType "swiss"]

1. d4 Nf6 2. c4 e6 3. Nf3 b6 4. a3 Bb7 5. Nc3 d5 6. cxd5 Nxd5 7. Qc2 c5 8. dxc5
Bxc5 9. e3 O-O 10. Bd3 h6 11. Bd2 Nd7 12. Nxd5 Bxd5 13. Bc3 Rc8 14. O-O-O Qe7
15. e4 Bb7 16. Kb1 a6 17. Ka2 b5 18. Rc1 Nb6 19. Qe2 Na4 20. Bd4 Bxd4 21. Nxd4
e5 22. Nf5 Qe6+ 23. Ka1 Nc5 24. Qg4 Qf6 25. Rc3 h5 26. Qxh5 Nxd3 27. Rxd3 Bxe4
28. Rh3 1-0

[Event "Ct. Girona indiv. Absolut"]
[Site "?"]
[Date "2011.11.27"]
[Round "8"]
[White "Castrillon Otero, J."]
[Black "Salagran Ferragut, G."]
[Result "1-0"]
[WhiteElo "1848"]
[BlackElo "1825"]
[PlyCount "79"]
[EventDate "2011.??.??"]
[EventType "swiss"]

1. d4 Nf6 2. c4 c5 3. d5 b5 4. Nf3 g6 5. Qc2 Bg7 6. e4 d6 7. cxb5 a6 8. Nc3
axb5 9. Bxb5+ Bd7 10. a4 O-O 11. O-O Na6 12. h3 Nb4 13. Qe2 Qa5 14. Ra3 Qb6 15.
Bg5 Bxb5 16. axb5 h6 17. Be3 Nd7 18. Rfa1 Qb7 19. Ne1 Nb6 20. Nd3 Rxa3 21. Rxa3
Nc4 22. Rb3 Nxd3 23. Qxd3 Nxe3 24. Qxe3 Ra8 25. g3 Ra5 26. Qd3 Qc8 27. Qf1 Qa8
28. Kg2 Qb7 29. b6 Bf6 30. Qd3 Kg7 31. Nb1 Ra4 32. Na3 Rd4 33. Qb5 e6 34. Qc6
Qb8 35. dxe6 Rb4 36. Rxb4 cxb4 37. Nc4 Bd8 38. Qd7 Bxb6 39. Qxf7+ Kh8 40. e7
1-0

[Event "Ct. Girona indiv. Absolut"]
[Site "?"]
[Date "2011.11.27"]
[Round "8"]
[White "Colls Gelaberto, E."]
[Black "Pruja Ramirez de Cartagena, E."]
[Result "1-0"]
[WhiteElo "2184"]
[BlackElo "1699"]
[PlyCount "67"]
[EventDate "2011.??.??"]
[EventType "swiss"]

1. d4 d5 2. c4 dxc4 3. e3 Nf6 4. Bxc4 e6 5. Nf3 c5 6. O-O Nc6 7. Nc3 cxd4 8.
exd4 Nb4 9. Bg5 h6 10. Bxf6 Qxf6 11. a3 Nc6 12. d5 exd5 13. Nxd5 Qd8 14. Re1+
Ne7 15. Qb3 Be6 16. Rad1 Qc8 17. Nd4 Nxd5 18. Bxd5 Be7 19. Nxe6 fxe6 20. Rxe6
Qc5 21. Rde1 Rc8 22. Rxe7+ Qxe7 23. Rxe7+ Kxe7 24. g3 b6 25. Qe3+ Kd6 26. Qe6+
Kc5 27. b4+ Kd4 28. Qe4+ Kc3 29. Qe5+ Kd2 30. Qxg7 Rc1+ 31. Kg2 Rhc8 32. Qxh6+
Ke1 33. Qe3+ Kd1 34. Bb3+ 1-0

[Event "Ct. Girona indiv. Absolut"]
[Site "?"]
[Date "2011.11.27"]
[Round "8"]
[White "Colomer Camarasa, J."]
[Black "Diaz Muñoz, S."]
[Result "0-1"]
[WhiteElo "1921"]
[BlackElo "2040"]
[PlyCount "98"]
[EventDate "2011.??.??"]
[EventType "swiss"]

1. c4 e5 2. Nc3 Nf6 3. g3 d5 4. cxd5 Nxd5 5. Bg2 c6 6. Qb3 Nxc3 7. bxc3 Qb6 8.
Nf3 Be6 9. Qxb6 axb6 10. Nxe5 Rxa2 11. Rxa2 Bxa2 12. O-O Bd6 13. Nf3 O-O 14.
Bb2 Na6 15. Ra1 Bd5 16. Nd4 Bxg2 17. Kxg2 Ra8 18. Nf5 Bf8 19. c4 g6 20. Ne3 b5
21. cxb5 cxb5 22. Nd5 f5 23. Nf6+ Kg7 24. Nd7+ Kf7 25. Nxf8 Rxf8 26. Ra5 b4 27.
Rb5 Ke6 28. Rxb7 Rb8 29. Rxb8 Nxb8 30. Kf3 Kd5 31. d3 Nd7 32. Ke3 Kc5 33. Kd2
Kb5 34. Kc2 g5 35. e4 fxe4 36. dxe4 g4 37. e5 Nf8 38. Kb3 Ne6 39. Bc1 Nc5+ 40.
Kc2 Kc4 41. Bb2 b3+ 42. Kb1 Kd5 43. Bc3 Nd3 44. Ka1 Nxe5 45. Kb2 Nd3+ 46. Kxb3
Nxf2 47. Bd2 Nd3 48. Bg5 Ke4 49. Kc3 Ne5 0-1

[Event "Ct. Girona indiv. Absolut"]
[Site "?"]
[Date "2011.11.27"]
[Round "8"]
[White "Iglesias Santos, D."]
[Black "Oliva Llorens, A."]
[Result "0-1"]
[WhiteElo "1691"]
[BlackElo "1948"]
[PlyCount "128"]
[EventDate "2011.??.??"]
[EventType "swiss"]

1. e4 c5 2. Nf3 Nc6 3. d4 cxd4 4. Nxd4 e5 5. Nb5 a6 6. Nd6+ Bxd6 7. Qxd6 Qf6 8.
Qxf6 Nxf6 9. Nc3 d5 10. Nxd5 Nxd5 11. exd5 Nb4 12. Bd3 Nxd3+ 13. cxd3 Bf5 14.
Ke2 O-O-O 15. Be3 Rxd5 16. Rac1+ Kd7 17. Rhd1 Rc8 18. Rxc8 Kxc8 19. d4 e4 20.
h3 Bd7 21. Bf4 Bc6 22. Ke3 Rd7 23. Rc1 Kd8 24. b3 f6 25. h4 Ke7 26. Rc5 Ke6 27.
Rh5 g6 28. Rc5 h6 29. Bxh6 Rh7 30. Bf4 Rxh4 31. Bg3 Rh1 32. Bc7 Re1+ 33. Kd2
Ra1 34. Rc2 Rf1 35. Ke3 g5 36. Bd8 Rd1 37. Rd2 Rc1 38. d5+ Bxd5 39. Bxf6 Re1+
40. Kd4 g4 41. Bh4 Rg1 42. g3 Bc6 43. Ke3 Ke5 44. Rc2 Re1+ 45. Kd2 Rf1 46. Ke3
Rd1 47. Rc5+ Bd5 48. Rc2 Rd3+ 49. Ke2 Bc6 50. Bg5 Bb5 51. Ke1 Rd7 52. Bh4 Rf7
53. Bg5 Kd4 54. Be3+ Kd3 55. Rd2+ Kc3 56. Bd4+ Kb4 57. Rc2 Rd7 58. Bc5+ Ka5 59.
Be3 Bd3 60. Rc5+ Kb4 61. Rg5 Ka3 62. Ra5+ Kb2 63. Bg5 Bb5 64. Be3 Kc2 0-1

[Event "Ct. Girona indiv. Absolut"]
[Site "?"]
[Date "2011.11.27"]
[Round "8"]
[White "Lillo Castany, V."]
[Black "Triadu Cassa, J."]
[Result "1-0"]
[WhiteElo "2286"]
[BlackElo "2111"]
[PlyCount "43"]
[EventDate "2011.??.??"]
[EventType "swiss"]

1. e4 g6 2. d4 Bg7 3. Nc3 d6 4. Be3 Nf6 5. f3 b6 6. Qd2 O-O 7. O-O-O Ba6 8.
Bxa6 Nxa6 9. g4 c5 10. h4 b5 11. dxc5 b4 12. Nb1 Qa5 13. cxd6 exd6 14. Bd4 Qxa2
15. Qf4 Nd7 16. Bxg7 Kxg7 17. h5 Rh8 18. Qxd6 Nac5 19. h6+ Kg8 20. Qc6 Qc4 21.
Qxa8+ Nf8 22. Nd2 1-0

[Event "Ct. Girona indiv. Absolut"]
[Site "?"]
[Date "2011.11.27"]
[Round "8"]
[White "Mundet Riera, J."]
[Black "Garcia Castany Musellas, G."]
[Result "1-0"]
[WhiteElo "2136"]
[BlackElo "2037"]
[PlyCount "115"]
[EventDate "2011.??.??"]
[EventType "swiss"]

1. e4 e5 2. Nf3 Nc6 3. Nc3 Nf6 4. Bb5 Bb4 5. d3 d6 6. O-O O-O 7. Bg5 Bxc3 8.
bxc3 Bg4 9. h3 Bh5 10. Bxc6 bxc6 11. Qd2 Bxf3 12. gxf3 h6 13. Be3 Nh5 14. Kh2
Qf6 15. Rg1 Kh8 16. Rg4 d5 17. Rag1 d4 18. cxd4 exd4 19. Bxh6 Qxh6 20. Qxh6+
gxh6 21. Rh4 Nf6 22. Rxh6+ Nh7 23. Rxc6 Rfc8 24. Rg4 Rab8 25. e5 Rb6 26. Rc4
Re6 27. Rgxd4 Rxe5 28. Rd7 Kg7 29. Rf4 Nf6 30. Rdd4 Re2 31. Rc4 Rxf2+ 32. Kg3
Re2 33. Rf5 Re6 34. Ra5 a6 35. d4 Rd6 36. c3 Nd5 37. Rcc5 Ne7 38. Rg5+ Kf8 39.
Rac5 Rc6 40. h4 f6 41. Rh5 Rxc5 42. Rxc5 Kf7 43. d5 Rg8+ 44. Kf2 Rd8 45. c4 c6
46. dxc6 Rd2+ 47. Kg3 Rxa2 48. c7 Nc8 49. Rd5 Re2 50. Rd8 Re8 51. h5 Rg8+ 52.
Kf2 Kg7 53. Ke3 Ne7 54. Kd3 Rh8 55. Kc3 Rxh5 56. Rd7 Kf8 57. Rxe7 Rc5 58. Rd7
1-0

[Event "Ct. Girona indiv. Absolut"]
[Site "?"]
[Date "2011.11.27"]
[Round "8"]
[White "Pinsach Gelabert, A."]
[Black "Vidal Zamora, A."]
[Result "0-1"]
[WhiteElo "1906"]
[BlackElo "2137"]
[PlyCount "86"]
[EventDate "2011.??.??"]
[EventType "swiss"]

1. e4 c5 2. Nf3 e6 3. d4 cxd4 4. Nxd4 Nc6 5. c4 Qc7 6. Be3 a6 7. Nc3 Nf6 8. a3
Be7 9. f3 d6 10. Be2 Bd7 11. O-O O-O 12. Rc1 Nxd4 13. Qxd4 Rac8 14. Rfd1 Qb8
15. Qd2 Rfd8 16. Bb6 Rf8 17. Bf1 Be8 18. b4 Nd7 19. Be3 Ne5 20. Bf4 Nxc4 21.
Bxc4 Rxc4 22. Bxd6 Bxd6 23. Qxd6 Qxd6 24. Rxd6 Bb5 25. Ne2 Rcc8 26. Rxc8 Rxc8
27. Nd4 Ba4 28. Rb6 Rc7 29. b5 axb5 30. Nxb5 Rc1+ 31. Kf2 Rb1 32. Rd6 Kf8 33.
Nc3 Rb2+ 34. Kg3 Bc6 35. Rd8+ Ke7 36. Ra8 Rc2 37. Na4 Kd6 38. Ra5 b5 39. Nb6
Kc7 40. Na8+ Kb7 41. h4 Rd2 42. a4 b4 43. Rc5 b3 0-1

[Event "Ct. Girona indiv. Absolut"]
[Site "?"]
[Date "2011.11.27"]
[Round "8"]
[White "Romero Isado, JL."]
[Black "Colls Bosch, E."]
[Result "0-1"]
[WhiteElo "1724"]
[BlackElo "2063"]
[PlyCount "96"]
[EventDate "2011.??.??"]
[EventType "swiss"]

1. e4 Nf6 2. e5 Nd5 3. c4 Nb6 4. d4 d6 5. f4 g6 6. Nf3 Bg7 7. Be2 O-O 8. O-O
Be6 9. b3 c5 10. d5 Bg4 11. Bb2 N8d7 12. Nbd2 Qb8 13. Re1 Bxf3 14. Nxf3 dxe5
15. Bd3 exf4 16. Bxg7 Kxg7 17. Rxe7 Re8 18. Qe1 Qd8 19. Rxe8 Qxe8 20. Qxe8 Rxe8
21. Re1 Rxe1+ 22. Nxe1 Kf6 23. Kf2 Ne5 24. Be2 Nc8 25. Bd1 Nd6 26. Ke2 Ne4 27.
a3 h5 28. Bc2 Nd6 29. h3 g5 30. Nf3 Nxf3 31. gxf3 Ke5 32. Bd3 f5 33. Kf2 Kd4
34. Bc2 g4 35. fxg4 fxg4 36. hxg4 hxg4 37. Bd1 Ne4+ 38. Kf1 f3 39. Bc2 Nd6 40.
Kf2 Kc3 41. Bd1 Kd2 42. Bxf3 gxf3 43. Kxf3 Kc3 44. Kf4 Kxb3 45. Ke5 Nxc4+ 46.
Ke6 Kxa3 47. d6 Nxd6 48. Kxd6 c4 0-1

[Event "Ct. Girona indiv. Absolut"]
[Site "?"]
[Date "2011.12.11"]
[Round "9"]
[White "Alejo Alvarez, R."]
[Black "Gonzalez Escudero, J."]
[Result "1-0"]
[WhiteElo "1999"]
[BlackElo "1769"]
[PlyCount "61"]
[EventDate "2011.??.??"]
[EventType "swiss"]

1. Nf3 e6 2. c4 Nf6 3. g3 d5 4. Bg2 c6 5. O-O Nbd7 6. d4 Bd6 7. Qc2 O-O 8. Nc3
Ne8 9. Ng5 g6 10. e4 dxe4 11. Ncxe4 Be7 12. Rd1 Nef6 13. b3 Nxe4 14. Nxe4 f5
15. Nc3 Bf6 16. d5 cxd5 17. cxd5 e5 18. Ba3 Rf7 19. d6 e4 20. Nd5 Bxa1 21. Ne7+
Kg7 22. Rxa1 Nf6 23. Rd1 Bd7 24. Bf1 Rc8 25. Nxc8 Qxc8 26. Qxc8 Bxc8 27. Bc4
Rd7 28. Be6 Rd8 29. Bxc8 Rxc8 30. d7 Rd8 31. Be7 1-0

[Event "Ct. Girona indiv. Absolut"]
[Site "?"]
[Date "2011.12.11"]
[Round "9"]
[White "Aymerich Verdaguer, E."]
[Black "Pinsach Gelabert, A."]
[Result "0-1"]
[WhiteElo "1809"]
[BlackElo "1906"]
[PlyCount "80"]
[EventDate "2011.??.??"]
[EventType "swiss"]

1. d4 d5 2. c4 e6 3. Nc3 c5 4. cxd5 exd5 5. Nf3 Nc6 6. g3 Nf6 7. Bg2 Be7 8. O-O
O-O 9. Bg5 c4 10. Ne5 Be6 11. Nxc6 bxc6 12. Qa4 Qb6 13. Bxf6 Bxf6 14. e4 Qxb2
15. exd5 Qxc3 16. dxe6 fxe6 17. Rac1 Qxd4 18. Rxc4 Qb2 19. Qxc6 Kh8 20. Qxa8
Rxa8 21. Bxa8 Kg8 22. Rfc1 Qxa2 23. Be4 g6 24. h4 Kg7 25. h5 a5 26. hxg6 hxg6
27. Rc7+ Kh6 28. Kg2 Bb2 29. R1c2 a4 30. f4 Qa1 31. g4 Bf6 32. g5+ Bxg5 33.
fxg5+ Kxg5 34. Rf2 Qd4 35. Bc2 a3 36. Rcf7 a2 37. R2f3 Qd2+ 38. Rf2 Qd5+ 39.
Kh3 Qh1+ 40. Rh2 a1=Q 0-1

[Event "Ct. Girona indiv. Absolut"]
[Site "?"]
[Date "2011.12.11"]
[Round "9"]
[White "Oliva Llorens, A."]
[Black "Caballero Maytin, J."]
[Result "0-1"]
[WhiteElo "1948"]
[BlackElo "2003"]
[PlyCount "52"]
[EventDate "2011.??.??"]
[EventType "swiss"]

1. e4 c5 2. Nc3 g6 3. g3 Bg7 4. Bg2 Nc6 5. d3 d6 6. f4 Nf6 7. Nce2 Bg4 8. c3
Nd7 9. h3 Bxe2 10. Qxe2 e5 11. f5 Qa5 12. Bd2 Qb6 13. b3 O-O-O 14. Nf3 gxf5 15.
exf5 Ne7 16. Ng5 Rdf8 17. O-O d5 18. g4 h6 19. Nf3 h5 20. Rae1 hxg4 21. hxg4
Kb8 22. c4 f6 23. cxd5 Nxd5 24. Nxe5 c4+ 25. Rf2 Nxe5 26. Bxd5 Nxd3 0-1

[Event "Ct. Girona indiv. Absolut"]
[Site "?"]
[Date "2011.12.11"]
[Round "9"]
[White "Pruja Ramirez de Cartagena, E."]
[Black "Colomer Camarasa, J."]
[Result "0-1"]
[WhiteElo "1699"]
[BlackElo "1921"]
[PlyCount "104"]
[EventDate "2011.??.??"]
[EventType "swiss"]

1. e4 d6 2. d4 Nf6 3. Nc3 e5 4. dxe5 dxe5 5. Qxd8+ Kxd8 6. Nf3 Bd6 7. Bg5 c6 8.
O-O-O Kc7 9. Bc4 Be6 10. Nd2 b5 11. Bxe6 fxe6 12. f3 Nbd7 13. Nb3 a5 14. a4 b4
15. Ne2 Nb6 16. Nd2 Nxa4 17. Nc4 Rhd8 18. f4 Be7 19. Nxe5 c5 20. Nd3 Re8 21.
Ng3 h6 22. Bh4 Nd7 23. Bxe7 Rxe7 24. f5 e5 25. Nf2 Nf6 26. Rd2 Rd8 27. Rhd1
Rxd2 28. Rxd2 c4 29. b3 c3 30. Re2 Nc5 31. Nd3 Nxd3+ 32. cxd3 Rd7 33. Kc2 Rd8
34. Nf1 Nd7 35. Ne3 Nb6 36. Ng4 Re8 37. f6 gxf6 38. Nxh6 Rh8 39. Ng4 Nd7 40. h3
Kd6 41. Ne3 Ke6 42. Nc4 Ra8 43. g4 a4 44. bxa4 Rxa4 45. Re1 Nc5 46. Rb1 Ra2+
47. Kd1 c2+ 48. Kc1 cxb1=Q+ 49. Kxb1 Rh2 50. Ne3 Nxd3 51. Nf5 b3 52. h4 Rh1#
0-1

[Event "Ct. Girona indiv. Absolut"]
[Site "?"]
[Date "2011.12.11"]
[Round "9"]
[White "Ramirez Garcia, L."]
[Black "Badosa Romanyo, A."]
[Result "0-1"]
[WhiteElo "1890"]
[BlackElo "1806"]
[PlyCount "44"]
[EventDate "2011.??.??"]
[EventType "swiss"]

1. e4 c6 2. d4 d5 3. e5 Bf5 4. Nf3 e6 5. Be2 c5 6. O-O Nc6 7. c3 Qb6 8. a4 Rc8
9. a5 Qc7 10. Bf4 cxd4 11. cxd4 a6 12. Qa4 Bb4 13. Bd2 Bxb1 14. Bxb4 Bc2 15.
Qa3 Nxb4 16. Qxb4 Bg6 17. Rfc1 Qd7 18. Nd2 Ne7 19. Nb3 Nc6 20. Qc5 Qe7 21.
Qxe7+ Kxe7 22. Rc5 Nxd4 0-1

[Event "Ct. Girona indiv. Absolut"]
[Site "?"]
[Date "2011.12.11"]
[Round "9"]
[White "Salagran Ferragut, G."]
[Black "Gallart Vila, J."]
[Result "1-0"]
[WhiteElo "1825"]
[BlackElo "1755"]
[PlyCount "61"]
[EventDate "2011.??.??"]
[EventType "swiss"]

1. e4 c5 2. Nc3 Nc6 3. g3 Nf6 4. Bg2 d6 5. h3 g6 6. d3 Bg7 7. Be3 O-O 8. Qd2
Nd4 9. Nd1 Re8 10. c3 Nc6 11. Bh6 Bh8 12. Ne3 Qa5 13. h4 Ne5 14. h5 Qb5 15. Bf1
Qb6 16. hxg6 fxg6 17. Bg5 c4 18. Bxf6 exf6 19. dxc4 f5 20. O-O-O Qa5 21. exf5
Qxa2 22. fxg6 Qa1+ 23. Kc2 Qa4+ 24. Kb1 hxg6 25. Qxd6 Be6 26. Rxh8+ Kxh8 27.
Qxe5+ Kh7 28. Bd3 Bf7 29. Qf6 Rf8 30. Nf3 Qe8 31. Rh1+ 1-0

[Event "Ct. Girona indiv. Absolut"]
[Site "?"]
[Date "2011.12.11"]
[Round "9"]
[White "Triadu Cassa, J."]
[Black "Diaz Muñoz, S."]
[Result "1-0"]
[WhiteElo "2111"]
[BlackElo "2040"]
[PlyCount "103"]
[EventDate "2011.??.??"]
[EventType "swiss"]

1. e4 c5 2. Nf3 g6 3. d4 cxd4 4. Nxd4 Bg7 5. Nc3 Nc6 6. Nb3 Nf6 7. Be2 d6 8.
O-O O-O 9. Bg5 a6 10. f4 b5 11. Bf3 Bb7 12. Nd5 Nxd5 13. exd5 Na5 14. c3 Nc4
15. Qe2 Qb6+ 16. Kh1 Rfe8 17. f5 gxf5 18. Qc2 e6 19. Nd4 h6 20. dxe6 fxe6 21.
Bc1 Bxf3 22. Rxf3 Ne5 23. Rg3 Ng4 24. h3 Be5 25. Rxg4+ fxg4 26. Qg6+ Bg7 27.
Bxh6 Qb7 28. Nxe6 gxh3 29. Rg1 Re7 30. Nxg7 Rxg7 31. Bxg7 Qxg7 32. gxh3 Qxg6
33. Rxg6+ Kf7 34. Rxd6 Re8 35. Rxa6 Re2 36. b3 Rc2 37. Rb6 Rxc3 38. Rxb5 Rc1+
39. Kg2 Rc2+ 40. Kf3 Rxa2 41. Ke4 Rh2 42. Rf5+ Ke6 43. Rf3 Rd2 44. Rd3 Rf2 45.
Kd4 Ke7 46. Kc5 Rc2+ 47. Kb5 Rc8 48. b4 Rb8+ 49. Kc4 Rc8+ 50. Kb3 Rb8 51. h4
Ke6 52. h5 1-0

[Event "Ct. Lleida femeni"]
[Site "?"]
[Date "2011.10.08"]
[Round "1.1"]
[White "Montoliu Daroca, I."]
[Black "Clua Guardia, M."]
[Result "1-0"]
[WhiteElo "1949"]
[BlackElo "1718"]
[PlyCount "123"]
[EventDate "2011.??.??"]
[EventType "tourn"]

1. c4 e5 2. Nc3 Bc5 3. e3 Nf6 4. g3 d5 5. d4 exd4 6. exd4 Qe7+ 7. Nge2 Bb4 8.
c5 Bg4 9. a3 Bxc3+ 10. bxc3 O-O 11. Be3 Qe4 12. Rg1 Nc6 13. Bg2 Bxe2 14. Qxe2
Qe6 15. Kd2 Ne4+ 16. Bxe4 Qxe4 17. f3 Qe6 18. Rae1 Na5 19. Kc2 Qf5+ 20. Kb2
Nc4+ 21. Kb3 Qf6 22. Bc1 b6 23. cxb6 Qxb6+ 24. Ka2 Rab8 25. Qc2 Rb7 26. Rg2
Rfb8 27. Rge2 Kf8 28. h3 h6 29. g4 f6 30. h4 c5 31. dxc5 Qxc5 32. Qa4 Rb5 33.
f4 Nb6 34. Qd4 Qxd4 35. cxd4 Na4 36. Rc2 Kf7 37. Rc7+ Kf8 38. Ree7 Re8 39. Rf7+
Kg8 40. Rxg7+ Kh8 41. Rb7 Rb8 42. Rxb8+ Rxb8 43. Rc7 Kg8 44. f5 Kf8 45. Bxh6+
Kg8 46. Rg7+ Kh8 47. Rc7 Kg8 48. Bf4 Rb6 49. h5 a6 50. h6 a5 51. g5 fxg5 52.
Bxg5 Kh8 53. f6 Kg8 54. f7+ Kf8 55. h7 Kg7 56. f8=Q+ Kg6 57. Qh6+ Kf5 58. Rf7+
Kg4 59. Qxb6 Nxb6 60. h8=Q Kxg5 61. Qg8+ Kh5 62. Rh7# 1-0

[Event "Ct. Lleida femeni"]
[Site "?"]
[Date "2011.10.08"]
[Round "1.2"]
[White "Borras Camarasa, J."]
[Black "Camarasa Mirada, MT."]
[Result "1-0"]
[WhiteElo "1700"]
[BlackElo "1700"]
[PlyCount "57"]
[EventDate "2011.??.??"]
[EventType "tourn"]

1. e4 e5 2. Nf3 Nc6 3. Bc4 Nf6 4. Nc3 Bb4 5. d3 O-O 6. Bd2 h6 7. O-O d6 8. h3
Qe7 9. Nd5 Qd7 10. Nxf6+ gxf6 11. Bxb4 Nxb4 12. c3 Na6 13. d4 exd4 14. cxd4 b5
15. Bd3 Bb7 16. Qd2 Rae8 17. Rfe1 c5 18. e5 fxe5 19. dxe5 d5 20. Qxh6 f5 21. e6
Rxe6 22. Rxe6 Nc7 23. Rg6+ Kf7 24. Qg7+ Ke8 25. Qe5+ Kd8 26. Rd6 Re8 27. Rxd7+
Kxd7 28. Bxf5+ Kd8 29. Qd6# 1-0

[Event "Ct. Lleida femeni"]
[Site "?"]
[Date "2011.10.15"]
[Round "2.1"]
[White "Montoliu Daroca, I."]
[Black "Borras Camarasa, J."]
[Result "1-0"]
[WhiteElo "1949"]
[BlackElo "1700"]
[PlyCount "105"]
[EventDate "2011.??.??"]
[EventType "tourn"]

1. c4 e5 2. Nc3 Nf6 3. g3 Bc5 4. e3 Nc6 5. Bg2 Bb6 6. Nge2 d6 7. O-O O-O 8. d4
Be6 9. d5 Bxd5 10. Nxd5 Nxd5 11. Bxd5 Qd7 12. b3 Rab8 13. Bb2 Rfd8 14. a3 Ne7
15. Bg2 c6 16. Qc2 Rbc8 17. Rad1 d5 18. Bxe5 Qe6 19. Bb2 Ng6 20. Nd4 Bxd4 21.
Rxd4 dxc4 22. Rxd8+ Rxd8 23. Qxc4 Qe7 24. Qc3 f6 25. f4 Nf8 26. e4 Qc7 27. Kh1
Ng6 28. e5 fxe5 29. fxe5 Re8 30. Qc4+ Kh8 31. e6 b5 32. Qxc6 Qxc6 33. Bxc6 Rxe6
34. Bxb5 Rb6 35. Bc4 Rd6 36. Kg2 Rd2+ 37. Rf2 Rd6 38. Re2 Rd8 39. Bc3 h6 40.
Bf7 Kh7 41. Bxg6+ Kxg6 42. Re7 Rd3 43. Rxg7+ Kf5 44. Rc7 a6 45. Rc5+ Kg6 46.
Kf2 Rd7 47. Rc6+ Kf5 48. Rxa6 Rc7 49. Ra5+ Ke6 50. Bd2 Rc2 51. Ke2 Kd6 52. Ra6+
Kc7 53. Rxh6 1-0

[Event "Ct. Lleida femeni"]
[Site "?"]
[Date "2011.10.15"]
[Round "2.2"]
[White "Clua Guardia, M."]
[Black "Camarasa Mirada, MT."]
[Result "1-0"]
[WhiteElo "1718"]
[BlackElo "1700"]
[PlyCount "69"]
[EventDate "2011.??.??"]
[EventType "tourn"]

1. c4 e5 2. Nc3 d6 3. g3 Be6 4. Bg2 Nc6 5. b3 Nd4 6. e3 Nc6 7. Nge2 Qd7 8. O-O
Nf6 9. d4 Ng4 10. d5 Bxd5 11. cxd5 Ne7 12. Bh3 O-O-O 13. f3 Nxe3 14. Bxd7+ Rxd7
15. Bxe3 Nf5 16. Bxa7 g6 17. f4 b6 18. fxe5 Ne3 19. Qc1 Nxf1 20. Nb5 c5 21.
Bxb6 Rb7 22. exd6 Rxb6 23. Qxc5+ Kb7 24. Qc7+ Ka6 25. d7 Bg7 26. Rxf1 Bf6 27.
Rxf6 Rxf6 28. d8=Q Rxd8 29. Qxd8 Rf5 30. Nc7+ Kb6 31. d6 Rf3 32. Qc8 Kc6 33. d7
Rd3 34. d8=Q Rxd8 35. Qxd8 1-0

[Event "Ct. Lleida femeni"]
[Site "?"]
[Date "2011.10.22"]
[Round "3.1"]
[White "Borras Camarasa, J."]
[Black "Clua Guardia, M."]
[Result "0-1"]
[WhiteElo "1700"]
[BlackElo "1718"]
[PlyCount "54"]
[EventDate "2011.??.??"]
[EventType "tourn"]

1. e4 e5 2. Nf3 Nc6 3. Bc4 Bc5 4. O-O Nf6 5. Nc3 O-O 6. d3 d6 7. h3 Be6 8. Bb5
h6 9. Be3 Nd4 10. Bxd4 Bxd4 11. Nxd4 exd4 12. Ne2 a6 13. Ba4 c5 14. c3 dxc3 15.
Nxc3 b5 16. Bc2 Nd7 17. a3 Qg5 18. Kh2 Nb6 19. b3 d5 20. exd5 Nxd5 21. Nxd5
Bxd5 22. Rg1 Qf4+ 23. Kh1 Qxf2 24. Ra2 Rfe8 25. Bb1 Qg3 26. Qc2 Re3 27. Qxc5
Qxh3# 0-1

[Event "Ct. Lleida femeni"]
[Site "?"]
[Date "2011.10.22"]
[Round "3.2"]
[White "Camarasa Mirada, MT."]
[Black "Montoliu Daroca, I."]
[Result "0-1"]
[WhiteElo "1700"]
[BlackElo "1949"]
[PlyCount "66"]
[EventDate "2011.??.??"]
[EventType "tourn"]

1. e4 c5 2. d3 Nc6 3. Nf3 g6 4. d4 cxd4 5. Nxd4 Bg7 6. c3 Nf6 7. Bd3 O-O 8. O-O
Qb6 9. Nb5 a6 10. Be3 Qd8 11. N5a3 b5 12. c4 b4 13. Nc2 a5 14. a3 b3 15. Nd4 a4
16. Nc3 Ne5 17. Bf4 Nxd3 18. Qxd3 Bb7 19. Rad1 d6 20. Ncb5 e5 21. Be3 exd4 22.
Bxd4 Bxe4 23. Qd2 Bc2 24. Rde1 Ne4 25. Qb4 Re8 26. f3 Nc5 27. Qc3 Bxd4+ 28.
Qxd4 Ne6 29. Qd5 Qf6 30. Nxd6 Red8 31. Ne4 Bxe4 32. fxe4 Qd4+ 33. Qxd4 Rxd4 0-1